<?xml version="1.0" encoding="UTF-8"?>
<record
    xmlns:xsi="http://www.w3.org/2001/XMLSchema-instance"
    xsi:schemaLocation="http://www.loc.gov/MARC21/slim http://www.loc.gov/standards/marcxml/schema/MARC21slim.xsd"
    xmlns="http://www.loc.gov/MARC21/slim">

  <leader>07414cam a22009614i 4500</leader>
  <controlfield tag="003">PE-LiUPU</controlfield>
  <controlfield tag="005">20250731173526.0</controlfield>
  <controlfield tag="008">150616s1955    ag      rb    000 0 spa d</controlfield>
  <datafield tag="035" ind1=" " ind2=" ">
    <subfield code="a">(Sirsi) a8548</subfield>
  </datafield>
  <datafield tag="040" ind1=" " ind2=" ">
    <subfield code="a">PE-LiUPU</subfield>
    <subfield code="b">spa</subfield>
    <subfield code="c">PE-LiUPU</subfield>
    <subfield code="e">rda</subfield>
  </datafield>
  <datafield tag="049" ind1=" " ind2=" ">
    <subfield code="a">PRUA</subfield>
  </datafield>
  <datafield tag="050" ind1=" " ind2=" ">
    <subfield code="a">BX6146</subfield>
    <subfield code="b">.P37</subfield>
  </datafield>
  <datafield tag="082" ind1="0" ind2="4">
    <subfield code="a">286.7325</subfield>
    <subfield code="b">PP</subfield>
    <subfield code="2">21</subfield>
  </datafield>
  <datafield tag="100" ind1="1" ind2=" ">
    <subfield code="a">White, Elena G. de,</subfield>
    <subfield code="e">autor.</subfield>
  </datafield>
  <datafield tag="245" ind1="1" ind2="0">
    <subfield code="a">Historia de los Patriarcas y Profetas /</subfield>
    <subfield code="c">Elena G. de White.</subfield>
  </datafield>
  <datafield tag="264" ind1=" " ind2="1">
    <subfield code="a">Buenos Aires :</subfield>
    <subfield code="b">ACES,</subfield>
    <subfield code="c">1955.</subfield>
  </datafield>
  <datafield tag="300" ind1=" " ind2=" ">
    <subfield code="a">862 p&#xE1;ginas ;</subfield>
    <subfield code="c">18 cent&#xED;metros</subfield>
  </datafield>
  <datafield tag="336" ind1=" " ind2=" ">
    <subfield code="a">text</subfield>
    <subfield code="2">rdacontent</subfield>
  </datafield>
  <datafield tag="337" ind1=" " ind2=" ">
    <subfield code="a">unmediated</subfield>
    <subfield code="2">rdamedia</subfield>
  </datafield>
  <datafield tag="338" ind1=" " ind2=" ">
    <subfield code="a">volume</subfield>
    <subfield code="2">rdacarrier</subfield>
  </datafield>
  <datafield tag="500" ind1=" " ind2=" ">
    <subfield code="a">El ejemplar 05 es edici&#xF3;n 2001.</subfield>
  </datafield>
  <datafield tag="505" ind1="0" ind2=" ">
    <subfield code="a">El origen del mal -- La creaci&#xF3;n -- La tentaci&#xF3;n y la ca&#xED;da -- El plan de redenci&#xF3;n -- Ca&#xED;n y Abel probados -- Set y Enoc -- El diluvio -- Despu&#xE9;s del diluvio -- La semana literal -- La torre de Babel -- El llamamiento de Abraham -- Abrah&#xE1;n en Cana&#xE1;n -- La prueba de la fe -- La destrucci&#xF3;n de Sodoma -- El casamiento de Isaac -- Jacob y Esa&#xFA; -- Huida y destierro de Jacob -- La noche de lucha -- El regreso a Cana&#xE1;n -- Jos&#xE9; en Egipto -- Jos&#xE9; y sus hermanos -- Mois&#xE9;s -- Las plagas de Egipto -- La pascua -- El &#xC9;xodo -- Del mar rojo a Sina&#xED; -- La enemistad de satan&#xE1;s hacia la ley -- El tabern&#xE1;culo y sus servicios -- El pecado de Nadab y Abi&#xFA; -- La ley y los dos pactos -- Del Sina&#xED; a cades -- Balaam -- La alianza con los gabaonitas -- Los diezmos y las ofrendas -- El ni&#xF1;o Samuel -- David y Goliat -- La muerte de Sa&#xFA;l -- La rebeli&#xF3;n de Absal&#xF3;n -- Los &#xFA;ltimos a&#xF1;os de David.</subfield>
  </datafield>
  <datafield tag="526" ind1=" " ind2=" ">
    <subfield code="a">SEG42</subfield>
  </datafield>
  <datafield tag="526" ind1=" " ind2=" ">
    <subfield code="a">SEG41</subfield>
  </datafield>
  <datafield tag="526" ind1=" " ind2=" ">
    <subfield code="a">SEG40</subfield>
  </datafield>
  <datafield tag="526" ind1=" " ind2=" ">
    <subfield code="a">SEG39</subfield>
  </datafield>
  <datafield tag="526" ind1=" " ind2=" ">
    <subfield code="a">P94</subfield>
  </datafield>
  <datafield tag="526" ind1=" " ind2=" ">
    <subfield code="a">P87</subfield>
  </datafield>
  <datafield tag="526" ind1=" " ind2=" ">
    <subfield code="a">P86</subfield>
  </datafield>
  <datafield tag="526" ind1=" " ind2=" ">
    <subfield code="a">P85</subfield>
  </datafield>
  <datafield tag="526" ind1=" " ind2=" ">
    <subfield code="a">P77</subfield>
  </datafield>
  <datafield tag="526" ind1=" " ind2=" ">
    <subfield code="a">P76</subfield>
  </datafield>
  <datafield tag="526" ind1=" " ind2=" ">
    <subfield code="a">P35</subfield>
  </datafield>
  <datafield tag="541" ind1=" " ind2=" ">
    <subfield code="g">001-0000525;</subfield>
  </datafield>
  <datafield tag="630" ind1=" " ind2=" ">
    <subfield code="a">Biblia.</subfield>
    <subfield code="p">A.T.</subfield>
    <subfield code="p">Profetas</subfield>
    <subfield code="x">Comentarios.</subfield>
  </datafield>
  <datafield tag="650" ind1="0" ind2="4">
    <subfield code="a">Patriarcas b&#xED;blicos.</subfield>
  </datafield>
  <datafield tag="650" ind1="0" ind2="4">
    <subfield code="a">Biblical Patriarchs</subfield>
  </datafield>
  <datafield tag="910" ind1=" " ind2=" ">
    <subfield code="a">jck</subfield>
    <subfield code="b">jvq</subfield>
    <subfield code="c">jck</subfield>
  </datafield>
  <datafield tag="910" ind1=" " ind2=" ">
    <subfield code="b">tqv</subfield>
    <subfield code="c">welc</subfield>
    <subfield code="d">20170509</subfield>
  </datafield>
  <datafield tag="942" ind1=" " ind2=" ">
    <subfield code="2">ddc</subfield>
    <subfield code="c">BOOK</subfield>
  </datafield>
  <datafield tag="949" ind1=" " ind2=" ">
    <subfield code="a">286.7325 PP</subfield>
    <subfield code="w">DEWEY</subfield>
    <subfield code="c">1</subfield>
    <subfield code="i">54298</subfield>
    <subfield code="l">CCODEBUL1</subfield>
    <subfield code="m">BUL</subfield>
    <subfield code="p">dollar12.68</subfield>
    <subfield code="r">0</subfield>
    <subfield code="s">Y</subfield>
    <subfield code="t">BOOK</subfield>
    <subfield code="u">19751021</subfield>
    <subfield code="x">BIBLIOTECA</subfield>
    <subfield code="z">UNKNOWN</subfield>
    <subfield code="0">COMPRA</subfield>
    <subfield code="o">.STAFF. Colecci&#xF3;n Teolog&#xED;a</subfield>
  </datafield>
  <datafield tag="949" ind1=" " ind2=" ">
    <subfield code="a">286.7325 PP</subfield>
    <subfield code="w">DEWEY</subfield>
    <subfield code="c">2</subfield>
    <subfield code="i">14379</subfield>
    <subfield code="l">CCODEBUL1</subfield>
    <subfield code="m">BUL</subfield>
    <subfield code="p">dollar12.68</subfield>
    <subfield code="r">0</subfield>
    <subfield code="s">Y</subfield>
    <subfield code="t">BOOK</subfield>
    <subfield code="u">19751021</subfield>
    <subfield code="x">BIBLIOTECA</subfield>
    <subfield code="z">UNKNOWN</subfield>
    <subfield code="0">COMPRA</subfield>
    <subfield code="o">.STAFF. Colecci&#xF3;n Teolog&#xED;a</subfield>
  </datafield>
  <datafield tag="949" ind1=" " ind2=" ">
    <subfield code="a">286.7325 PP</subfield>
    <subfield code="w">DEWEY</subfield>
    <subfield code="c">3</subfield>
    <subfield code="i">47949</subfield>
    <subfield code="l">CCODEBUL1</subfield>
    <subfield code="m">BUL</subfield>
    <subfield code="p">dollar12.68</subfield>
    <subfield code="r">0</subfield>
    <subfield code="s">Y</subfield>
    <subfield code="t">BOOK</subfield>
    <subfield code="u">19751021</subfield>
    <subfield code="x">BIBLIOTECA</subfield>
    <subfield code="z">UNKNOWN</subfield>
    <subfield code="0">COMPRA</subfield>
    <subfield code="o">.STAFF. Colecci&#xF3;n Teolog&#xED;a</subfield>
  </datafield>
  <datafield tag="949" ind1=" " ind2=" ">
    <subfield code="a">286.7325 PP</subfield>
    <subfield code="w">DEWEY</subfield>
    <subfield code="c">4</subfield>
    <subfield code="i">54244</subfield>
    <subfield code="l">CCODEBUL1</subfield>
    <subfield code="m">BUL</subfield>
    <subfield code="p">dollar12.68</subfield>
    <subfield code="r">0</subfield>
    <subfield code="s">Y</subfield>
    <subfield code="t">BOOK</subfield>
    <subfield code="u">19751021</subfield>
    <subfield code="x">BIBLIOTECA</subfield>
    <subfield code="z">UNKNOWN</subfield>
    <subfield code="0">COMPRA</subfield>
    <subfield code="o">.STAFF. Colecci&#xF3;n Teolog&#xED;a</subfield>
  </datafield>
  <datafield tag="949" ind1=" " ind2=" ">
    <subfield code="a">286.7325 PP</subfield>
    <subfield code="w">DEWEY</subfield>
    <subfield code="c">5</subfield>
    <subfield code="i">54038</subfield>
    <subfield code="l">CCODEBUL1</subfield>
    <subfield code="m">BUL</subfield>
    <subfield code="p">dollar12.68</subfield>
    <subfield code="r">0</subfield>
    <subfield code="s">Y</subfield>
    <subfield code="t">BOOK</subfield>
    <subfield code="u">19751021</subfield>
    <subfield code="x">BIBLIOTECA</subfield>
    <subfield code="z">UNKNOWN</subfield>
    <subfield code="0">COMPRA</subfield>
    <subfield code="o">.STAFF. Colecci&#xF3;n Teolog&#xED;a</subfield>
  </datafield>
  <datafield tag="949" ind1=" " ind2=" ">
    <subfield code="a">286.7325 PP</subfield>
    <subfield code="w">DEWEY</subfield>
    <subfield code="c">6</subfield>
    <subfield code="i">63335</subfield>
    <subfield code="l">CCODEBUL1</subfield>
    <subfield code="m">BUL</subfield>
    <subfield code="p">dollar12</subfield>
    <subfield code="r">0</subfield>
    <subfield code="s">Y</subfield>
    <subfield code="t">BOOK</subfield>
    <subfield code="u">20110810</subfield>
    <subfield code="x">TEOLOGIA</subfield>
    <subfield code="P">P35</subfield>
    <subfield code="0">COMPRA</subfield>
    <subfield code="o">.STAFF. Colecci&#xF3;n Teolog&#xED;a</subfield>
  </datafield>
  <datafield tag="949" ind1=" " ind2=" ">
    <subfield code="a">286.7325 PP</subfield>
    <subfield code="w">DEWEY</subfield>
    <subfield code="c">7</subfield>
    <subfield code="i">54295</subfield>
    <subfield code="l">CCODEBUL1</subfield>
    <subfield code="m">BUL</subfield>
    <subfield code="p">dollar12.68</subfield>
    <subfield code="r">0</subfield>
    <subfield code="s">Y</subfield>
    <subfield code="t">BOOK</subfield>
    <subfield code="u">19751021</subfield>
    <subfield code="x">BIBLIOTECA</subfield>
    <subfield code="z">UNKNOWN</subfield>
    <subfield code="0">COMPRA</subfield>
    <subfield code="o">.STAFF. Colecci&#xF3;n Teolog&#xED;a</subfield>
  </datafield>
  <datafield tag="949" ind1=" " ind2=" ">
    <subfield code="a">286.7325 PP</subfield>
    <subfield code="w">DEWEY</subfield>
    <subfield code="c">8</subfield>
    <subfield code="i">54296</subfield>
    <subfield code="l">CCODEBUL1</subfield>
    <subfield code="m">BUL</subfield>
    <subfield code="p">dollar12.68</subfield>
    <subfield code="r">0</subfield>
    <subfield code="s">Y</subfield>
    <subfield code="t">BOOK</subfield>
    <subfield code="u">19751021</subfield>
    <subfield code="x">BIBLIOTECA</subfield>
    <subfield code="z">UNKNOWN</subfield>
    <subfield code="0">COMPRA</subfield>
    <subfield code="o">.STAFF. Colecci&#xF3;n Teolog&#xED;a</subfield>
  </datafield>
  <datafield tag="949" ind1=" " ind2=" ">
    <subfield code="a">286.7325 PP</subfield>
    <subfield code="w">DEWEY</subfield>
    <subfield code="c">9</subfield>
    <subfield code="i">54297</subfield>
    <subfield code="l">CCODEBUL1</subfield>
    <subfield code="m">BUL</subfield>
    <subfield code="p">dollar12.68</subfield>
    <subfield code="r">0</subfield>
    <subfield code="s">Y</subfield>
    <subfield code="t">BOOK</subfield>
    <subfield code="u">19751021</subfield>
    <subfield code="x">BIBLIOTECA</subfield>
    <subfield code="z">UNKNOWN</subfield>
    <subfield code="0">COMPRA</subfield>
    <subfield code="o">.STAFF. Colecci&#xF3;n Teolog&#xED;a</subfield>
  </datafield>
  <datafield tag="949" ind1=" " ind2=" ">
    <subfield code="a">W286.7325 PP 1955</subfield>
    <subfield code="w">DEWEY</subfield>
    <subfield code="c">1</subfield>
    <subfield code="i">FJ07809</subfield>
    <subfield code="l">CCODECWJ1</subfield>
    <subfield code="m">BUJ</subfield>
    <subfield code="p">13.00</subfield>
    <subfield code="r">0</subfield>
    <subfield code="s">Y</subfield>
    <subfield code="t">BOOK</subfield>
    <subfield code="u">2017-05-09</subfield>
    <subfield code="x">BIBLIOTECA</subfield>
    <subfield code="z">UNKNOWN</subfield>
    <subfield code="0">COMPRA</subfield>
    <subfield code="o">.STAFF. Teolog&#xED;a</subfield>
  </datafield>
  <datafield tag="949" ind1=" " ind2=" ">
    <subfield code="a">W286.7325 PP 1955</subfield>
    <subfield code="w">DEWEY</subfield>
    <subfield code="c">2</subfield>
    <subfield code="i">FJ09444</subfield>
    <subfield code="l">CCODECWJ1</subfield>
    <subfield code="m">BUJ</subfield>
    <subfield code="p">13.00</subfield>
    <subfield code="r">0</subfield>
    <subfield code="s">Y</subfield>
    <subfield code="t">BOOK</subfield>
    <subfield code="u">2017-12-07</subfield>
    <subfield code="x">BIBLIOTECA</subfield>
    <subfield code="z">UNKNOWN</subfield>
    <subfield code="0">COMPRA</subfield>
    <subfield code="o">.STAFF. Colecci&#xF3;n General Juliaca</subfield>
  </datafield>
  <datafield tag="949" ind1=" " ind2=" ">
    <subfield code="a">W286.7325 PP 1955</subfield>
    <subfield code="w">DEWEY</subfield>
    <subfield code="c">3</subfield>
    <subfield code="i">FJ09450</subfield>
    <subfield code="l">CCODECWJ1</subfield>
    <subfield code="m">BUJ</subfield>
    <subfield code="p">15.00</subfield>
    <subfield code="r">0</subfield>
    <subfield code="s">Y</subfield>
    <subfield code="t">BOOK</subfield>
    <subfield code="u">2017-12-07</subfield>
    <subfield code="x">BIBLIOTECA</subfield>
    <subfield code="z">UNKNOWN</subfield>
    <subfield code="0">COMPRA</subfield>
    <subfield code="o">.STAFF. Colecci&#xF3;n General Juliaca</subfield>
  </datafield>
  <datafield tag="949" ind1=" " ind2=" ">
    <subfield code="a">W286.7325 PP 1955</subfield>
    <subfield code="w">DEWEY</subfield>
    <subfield code="c">1</subfield>
    <subfield code="i">FJ12913</subfield>
    <subfield code="l">CCODEBUJ1</subfield>
    <subfield code="m">BUJ</subfield>
    <subfield code="p">15.00</subfield>
    <subfield code="r">0</subfield>
    <subfield code="s">Y</subfield>
    <subfield code="t">BOOK</subfield>
    <subfield code="u">2019-07-08</subfield>
    <subfield code="x">EDUCACI&#xD3;N</subfield>
    <subfield code="P">P14</subfield>
    <subfield code="o">.STAFF -- Colecci&#xF3;n General Juliaca</subfield>
  </datafield>
  <datafield tag="994" ind1=" " ind2=" ">
    <subfield code="a">C0</subfield>
    <subfield code="b">PEPRU</subfield>
  </datafield>
  <datafield tag="596" ind1=" " ind2=" ">
    <subfield code="a">1 3 4</subfield>
  </datafield>
  <datafield tag="999" ind1=" " ind2=" ">
    <subfield code="a">286.7325 PP</subfield>
    <subfield code="w">DEWEY</subfield>
    <subfield code="c">59912</subfield>
    <subfield code="i">54244</subfield>
    <subfield code="d">59912</subfield>
    <subfield code="e">2018-8-22</subfield>
    <subfield code="f">2021-11-11</subfield>
    <subfield code="g">5</subfield>
    <subfield code="l">CCODEBUL1</subfield>
    <subfield code="m">BUL</subfield>
    <subfield code="n">20</subfield>
    <subfield code="p">12.68</subfield>
    <subfield code="q">18</subfield>
    <subfield code="r">0</subfield>
    <subfield code="s">Y</subfield>
    <subfield code="t">BOOK</subfield>
    <subfield code="u">2015-6-16</subfield>
    <subfield code="x">TEOLOGIA</subfield>
    <subfield code="P">P35</subfield>
    <subfield code="0">COMPRA</subfield>
    <subfield code="o">.STAFF. Colecci&#xF3;n Teolog&#xED;a</subfield>
  </datafield>
  <datafield tag="999" ind1=" " ind2=" ">
    <subfield code="a">286.7325 PP</subfield>
    <subfield code="w">DEWEY</subfield>
    <subfield code="c">5</subfield>
    <subfield code="i">54038</subfield>
    <subfield code="l">LOST</subfield>
    <subfield code="m">BUL</subfield>
    <subfield code="p">12.68</subfield>
    <subfield code="r">1</subfield>
    <subfield code="s">Y</subfield>
    <subfield code="t">BOOK</subfield>
    <subfield code="u">2015-6-16</subfield>
    <subfield code="x">BIBLIOTECA</subfield>
    <subfield code="z">UNKNOWN</subfield>
    <subfield code="0">COMPRA</subfield>
    <subfield code="o">.STAFF. Colecci&#xF3;n General</subfield>
  </datafield>
  <datafield tag="999" ind1=" " ind2=" ">
    <subfield code="a">286.7325 PP</subfield>
    <subfield code="w">DEWEY</subfield>
    <subfield code="c">6</subfield>
    <subfield code="i">63335</subfield>
    <subfield code="l">LOST</subfield>
    <subfield code="m">BUL</subfield>
    <subfield code="r">1</subfield>
    <subfield code="s">Y</subfield>
    <subfield code="t">BOOK</subfield>
    <subfield code="u">2015-6-16</subfield>
    <subfield code="x">TEOLOGIA</subfield>
    <subfield code="P">P35</subfield>
    <subfield code="0">COMPRA</subfield>
    <subfield code="o">.STAFF. Colecci&#xF3;n General</subfield>
  </datafield>
  <datafield tag="999" ind1=" " ind2=" ">
    <subfield code="a">286.7325 PP</subfield>
    <subfield code="w">DEWEY</subfield>
    <subfield code="c">7</subfield>
    <subfield code="i">54295</subfield>
    <subfield code="d">2019-9-29</subfield>
    <subfield code="e">2019-9-22</subfield>
    <subfield code="f">2021-11-11</subfield>
    <subfield code="g">5</subfield>
    <subfield code="l">CCODEBUL1</subfield>
    <subfield code="m">BUL</subfield>
    <subfield code="n">29</subfield>
    <subfield code="p">12.68</subfield>
    <subfield code="q">15</subfield>
    <subfield code="r">0</subfield>
    <subfield code="s">Y</subfield>
    <subfield code="t">BOOK</subfield>
    <subfield code="u">2015-6-16</subfield>
    <subfield code="x">TEOLOGIA</subfield>
    <subfield code="P">P35</subfield>
    <subfield code="0">COMPRA</subfield>
    <subfield code="o">.STAFF. Colecci&#xF3;n Teolog&#xED;a</subfield>
  </datafield>
  <datafield tag="999" ind1=" " ind2=" ">
    <subfield code="a">286.7325 PP</subfield>
    <subfield code="w">DEWEY</subfield>
    <subfield code="c">8</subfield>
    <subfield code="i">54296</subfield>
    <subfield code="d">2019-5-13</subfield>
    <subfield code="e">2019-5-7</subfield>
    <subfield code="f">2019-12-11</subfield>
    <subfield code="g">3</subfield>
    <subfield code="l">DISCARD</subfield>
    <subfield code="m">BUL</subfield>
    <subfield code="n">30</subfield>
    <subfield code="p">12.68</subfield>
    <subfield code="q">5</subfield>
    <subfield code="r">0</subfield>
    <subfield code="s">Y</subfield>
    <subfield code="t">BOOK</subfield>
    <subfield code="u">2015-6-16</subfield>
    <subfield code="x">TEOLOGIA</subfield>
    <subfield code="P">P35</subfield>
    <subfield code="0">COMPRA</subfield>
    <subfield code="o">.STAFF. Colecci&#xF3;n Teolog&#xED;a</subfield>
  </datafield>
  <datafield tag="999" ind1=" " ind2=" ">
    <subfield code="a">286.7325 PP</subfield>
    <subfield code="w">DEWEY</subfield>
    <subfield code="c">9</subfield>
    <subfield code="i">54297</subfield>
    <subfield code="d">2019-6-24</subfield>
    <subfield code="e">2019-6-20</subfield>
    <subfield code="f">2019-12-11</subfield>
    <subfield code="g">3</subfield>
    <subfield code="l">DISCARD</subfield>
    <subfield code="m">BUL</subfield>
    <subfield code="n">24</subfield>
    <subfield code="p">12.68</subfield>
    <subfield code="q">3</subfield>
    <subfield code="r">0</subfield>
    <subfield code="s">Y</subfield>
    <subfield code="t">BOOK</subfield>
    <subfield code="u">2015-6-16</subfield>
    <subfield code="x">TEOLOGIA</subfield>
    <subfield code="P">P35</subfield>
    <subfield code="0">COMPRA</subfield>
    <subfield code="o">.STAFF. Colecci&#xF3;n Teolog&#xED;a</subfield>
  </datafield>
  <datafield tag="999" ind1=" " ind2=" ">
    <subfield code="a">286.7325 PP</subfield>
    <subfield code="w">DEWEY</subfield>
    <subfield code="c">10</subfield>
    <subfield code="i">22371</subfield>
    <subfield code="d">2019-11-18</subfield>
    <subfield code="e">2019-5-22</subfield>
    <subfield code="f">2019-12-11</subfield>
    <subfield code="g">1</subfield>
    <subfield code="l">DISCARD</subfield>
    <subfield code="m">BUL</subfield>
    <subfield code="n">3</subfield>
    <subfield code="p">12.68</subfield>
    <subfield code="q">5</subfield>
    <subfield code="r">0</subfield>
    <subfield code="s">Y</subfield>
    <subfield code="t">BOOK</subfield>
    <subfield code="u">2018-9-25</subfield>
    <subfield code="x">TEOLOGIA</subfield>
    <subfield code="P">P35</subfield>
    <subfield code="0">COMPRA</subfield>
    <subfield code="o">.STAFF. Colecci&#xF3;n Teolog&#xED;a</subfield>
  </datafield>
  <datafield tag="999" ind1=" " ind2=" ">
    <subfield code="a">W286.7325 PP 1955</subfield>
    <subfield code="w">DEWEY</subfield>
    <subfield code="c">1</subfield>
    <subfield code="i">FJ07809</subfield>
    <subfield code="d">2018-9-27</subfield>
    <subfield code="e">2018-9-26</subfield>
    <subfield code="f">2022-2-2</subfield>
    <subfield code="g">4</subfield>
    <subfield code="l">CCODECWJ1</subfield>
    <subfield code="m">BUJ</subfield>
    <subfield code="n">1</subfield>
    <subfield code="p">13.00</subfield>
    <subfield code="q">2</subfield>
    <subfield code="r">0</subfield>
    <subfield code="s">Y</subfield>
    <subfield code="t">BOOK</subfield>
    <subfield code="u">2017-5-9</subfield>
    <subfield code="x">BIBLIOTECA</subfield>
    <subfield code="z">UNKNOWN</subfield>
    <subfield code="0">COMPRA</subfield>
    <subfield code="o">.STAFF. Colecci&#xF3;n General Juliaca</subfield>
  </datafield>
  <datafield tag="999" ind1=" " ind2=" ">
    <subfield code="a">W286.7325 PP 1955</subfield>
    <subfield code="w">DEWEY</subfield>
    <subfield code="c">2</subfield>
    <subfield code="i">FJ09444</subfield>
    <subfield code="d">2018-6-17</subfield>
    <subfield code="f">2022-2-2</subfield>
    <subfield code="g">4</subfield>
    <subfield code="l">CCODECWJ1</subfield>
    <subfield code="m">BUJ</subfield>
    <subfield code="p">13.00</subfield>
    <subfield code="q">1</subfield>
    <subfield code="r">0</subfield>
    <subfield code="s">Y</subfield>
    <subfield code="t">BOOK</subfield>
    <subfield code="u">2017-12-7</subfield>
    <subfield code="x">BIBLIOTECA</subfield>
    <subfield code="z">UNKNOWN</subfield>
    <subfield code="0">COMPRA</subfield>
    <subfield code="o">.STAFF. Colecci&#xF3;n General Juliaca</subfield>
  </datafield>
  <datafield tag="999" ind1=" " ind2=" ">
    <subfield code="a">W286.7325 PP 1955</subfield>
    <subfield code="w">DEWEY</subfield>
    <subfield code="c">3</subfield>
    <subfield code="i">FJ09450</subfield>
    <subfield code="f">2022-2-2</subfield>
    <subfield code="g">4</subfield>
    <subfield code="l">CCODEBUJ1</subfield>
    <subfield code="m">BUJ</subfield>
    <subfield code="p">15.00</subfield>
    <subfield code="r">0</subfield>
    <subfield code="s">Y</subfield>
    <subfield code="t">BOOK</subfield>
    <subfield code="u">2017-12-7</subfield>
    <subfield code="x">BIBLIOTECA</subfield>
    <subfield code="z">UNKNOWN</subfield>
    <subfield code="0">COMPRA</subfield>
    <subfield code="o">.STAFF. Colecci&#xF3;n General Juliaca</subfield>
  </datafield>
  <datafield tag="999" ind1=" " ind2=" ">
    <subfield code="a">W286.7325 PP 1955</subfield>
    <subfield code="w">DEWEY</subfield>
    <subfield code="c">4</subfield>
    <subfield code="i">FJ12913</subfield>
    <subfield code="d">2019-8-14</subfield>
    <subfield code="f">2022-2-2</subfield>
    <subfield code="g">2</subfield>
    <subfield code="l">CCODEBUJ1</subfield>
    <subfield code="m">BUJ</subfield>
    <subfield code="p">15.00</subfield>
    <subfield code="q">1</subfield>
    <subfield code="r">0</subfield>
    <subfield code="s">Y</subfield>
    <subfield code="t">BOOK</subfield>
    <subfield code="u">2019-7-8</subfield>
    <subfield code="x">BIBLIOTECA</subfield>
    <subfield code="z">UNKNOWN</subfield>
    <subfield code="0">COMPRA</subfield>
    <subfield code="o">.STAFF. Colecci&#xF3;n General Juliaca</subfield>
  </datafield>
  <datafield tag="999" ind1=" " ind2=" ">
    <subfield code="a">286.7325 PP 1985</subfield>
    <subfield code="w">DEWEY</subfield>
    <subfield code="c">1</subfield>
    <subfield code="i">CW54298</subfield>
    <subfield code="f">2021-12-21</subfield>
    <subfield code="g">2</subfield>
    <subfield code="l">CCODECWL1</subfield>
    <subfield code="m">BWL</subfield>
    <subfield code="p">12.68</subfield>
    <subfield code="r">1</subfield>
    <subfield code="s">Y</subfield>
    <subfield code="t">BOOK</subfield>
    <subfield code="u">2015-6-16</subfield>
    <subfield code="x">WHITE</subfield>
    <subfield code="z">UNKNOWN</subfield>
    <subfield code="0">COMPRA</subfield>
    <subfield code="o">.STAFF. Centro White</subfield>
  </datafield>
  <datafield tag="999" ind1=" " ind2=" ">
    <subfield code="a">286.7325 PP 1985</subfield>
    <subfield code="w">DEWEY</subfield>
    <subfield code="c">3</subfield>
    <subfield code="i">CW47949</subfield>
    <subfield code="l">RCG</subfield>
    <subfield code="m">BWL</subfield>
    <subfield code="p">12.68</subfield>
    <subfield code="r">1</subfield>
    <subfield code="s">Y</subfield>
    <subfield code="t">BOOK</subfield>
    <subfield code="u">2015-6-16</subfield>
    <subfield code="x">WHITE</subfield>
    <subfield code="z">UNKNOWN</subfield>
    <subfield code="0">COMPRA</subfield>
    <subfield code="o">.STAFF. Centro White</subfield>
  </datafield>
  <datafield tag="999" ind1=" " ind2=" ">
    <subfield code="a">286.7325 PP 1955</subfield>
    <subfield code="w">DEWEY</subfield>
    <subfield code="c">1</subfield>
    <subfield code="i">CW14379</subfield>
    <subfield code="f">2021-12-21</subfield>
    <subfield code="g">2</subfield>
    <subfield code="l">CCODECWL1</subfield>
    <subfield code="m">BWL</subfield>
    <subfield code="p">20.00</subfield>
    <subfield code="r">1</subfield>
    <subfield code="s">Y</subfield>
    <subfield code="t">BOOK</subfield>
    <subfield code="u">2017-10-16</subfield>
    <subfield code="x">WHITE</subfield>
    <subfield code="z">UNKNOWN</subfield>
    <subfield code="0">COMPRA</subfield>
    <subfield code="o">.STAFF. Centro White</subfield>
  </datafield>
  <datafield tag="999" ind1=" " ind2=" ">
    <subfield code="a">286.7325 PP 2007</subfield>
    <subfield code="w">DEWEY</subfield>
    <subfield code="c">1</subfield>
    <subfield code="i">CW00384</subfield>
    <subfield code="f">2021-12-21</subfield>
    <subfield code="g">2</subfield>
    <subfield code="l">CCODECWL1</subfield>
    <subfield code="m">BWL</subfield>
    <subfield code="r">0</subfield>
    <subfield code="s">Y</subfield>
    <subfield code="t">BOOK</subfield>
    <subfield code="u">2018-1-12</subfield>
    <subfield code="x">WHITE</subfield>
    <subfield code="z">UNKNOWN</subfield>
    <subfield code="0">COMPRA</subfield>
    <subfield code="o">.STAFF. Centro White</subfield>
  </datafield>
  <datafield tag="980" ind1=" " ind2=" ">
    <subfield code="8">1</subfield>
    <subfield code="g">ALBERTO SANCHEZ Responsable de Automatizaci&#xF3;n</subfield>
  </datafield>
  <datafield tag="952" ind1=" " ind2=" ">
    <subfield code="r">2025-12-02 00:00:00</subfield>
    <subfield code="i">6</subfield>
    <subfield code="l">24</subfield>
    <subfield code="o">286.7325 PP</subfield>
    <subfield code="p">54244</subfield>
    <subfield code="s">2024-09-03</subfield>
    <subfield code="t">e4</subfield>
    <subfield code="v">17.68</subfield>
    <subfield code="w">2015-06-16</subfield>
    <subfield code="x">FT</subfield>
    <subfield code="y">BK</subfield>
    <subfield code="z">inventario-2023-12-13</subfield>
    <subfield code="1">0</subfield>
    <subfield code="2">ddc</subfield>
    <subfield code="5">0</subfield>
    <subfield code="7">0</subfield>
    <subfield code="8">GEN</subfield>
    <subfield code="f">P35</subfield>
    <subfield code="a">BUL</subfield>
    <subfield code="b">BUL</subfield>
    <subfield code="c">GEN</subfield>
    <subfield code="d">2015-06-16</subfield>
    <subfield code="e">COMPRA</subfield>
    <subfield code="g">12.68</subfield>
  </datafield>
  <datafield tag="952" ind1=" " ind2=" ">
    <subfield code="r">2025-12-02 00:00:00</subfield>
    <subfield code="i">4</subfield>
    <subfield code="l">26</subfield>
    <subfield code="o">286.7325 PP</subfield>
    <subfield code="p">54295</subfield>
    <subfield code="s">2025-04-10</subfield>
    <subfield code="t">e7</subfield>
    <subfield code="v">17.68</subfield>
    <subfield code="w">2015-06-16</subfield>
    <subfield code="x">FT</subfield>
    <subfield code="y">BK</subfield>
    <subfield code="z">inventario-2023-12-13</subfield>
    <subfield code="1">0</subfield>
    <subfield code="2">ddc</subfield>
    <subfield code="5">0</subfield>
    <subfield code="7">0</subfield>
    <subfield code="8">GEN</subfield>
    <subfield code="f">P35</subfield>
    <subfield code="a">BUL</subfield>
    <subfield code="b">BUL</subfield>
    <subfield code="c">GEN</subfield>
    <subfield code="d">2015-06-16</subfield>
    <subfield code="e">COMPRA</subfield>
    <subfield code="g">12.68</subfield>
  </datafield>
</record>
